Reconfigurable computing: Accelerating computation with field-programmable gate arrays (Record no. 10002)
[ view plain ]
| 000 -LEADER | |
|---|---|
| fixed length control field | 00527 a2200157 4500 |
| 020 ## - INTERNATIONAL STANDARD BOOK NUMBER | |
| International Standard Book Number | 0387261052 |
| 040 ## - CATALOGING SOURCE | |
| Original cataloging agency | DLC |
| Language of cataloging | DLC |
| 100 1# - MAIN ENTRY--PERSONAL NAME | |
| Personal name | Gokhale, Maya. |
| 245 10 - TITLE STATEMENT | |
| Title | Reconfigurable computing: Accelerating computation with field-programmable gate arrays |
| Statement of responsibility, etc. | by Maya Gokhale and Paul S. Graham |
| 260 ## - PUBLICATION, DISTRIBUTION, ETC. | |
| Place of publication, distribution, etc. | Dordrecht : |
| Name of publisher, distributor, etc. | Springer, |
| Date of publication, distribution, etc. | c2005. |
| 300 ## - PHYSICAL DESCRIPTION | |
| Extent | x, 238 p. : |
| Other physical details | ill. ; |
| Dimensions | 25 cm. |
| 650 #0 - SUBJECT ADDED ENTRY--TOPICAL TERM | |
| Topical term or geographic name entry element | Adaptive computing systems. |
| 650 #0 - SUBJECT ADDED ENTRY--TOPICAL TERM | |
| Topical term or geographic name entry element | Field programmable gate arrays. |
| 700 1# - ADDED ENTRY--PERSONAL NAME | |
| Personal name | Graham, Paul S. |
| 942 ## - ADDED ENTRY ELEMENTS (KOHA) | |
| Koha item type | Book |
| Call number prefix | 621.395 GOK |
| Source of classification or shelving scheme | |
| Withdrawn status | Lost status | Damaged status | Not for loan | Collection code | Permanent Location | Current Location | Shelving location | Date acquired | Source of acquisition | Cost, normal purchase price | Total Checkouts | Full call number | Barcode | Date last seen | Date last checked out | Price effective from | Koha item type |
|---|---|---|---|---|---|---|---|---|---|---|---|---|---|---|---|---|---|
| Central Library (CL) | Central Library (CL) | General Stacks | 03/01/2007 | Progressive International Agencies | 7198.00 | 1 | 621.395 GOK | SEECS008196 | 04/25/2024 | 09/15/2014 | 01/05/2017 | Book |
